Shakira's UK Singles Chart History - Statistics

General Stats
  • This quiz has been taken 15 times
  • The average score is 6 of 15
Answer Stats
Peak Position Song Weeks On Chart Debut Date % Correct
#1 Hips Don't Lie 48 Jun 17th 2006
92%
#21 Waka Waka (This Time For Africa) 33 Jun 19th 2010
85%
#4 She Wolf 21 Sep 19th 2009
77%
#1 Beautiful Liar 24 Apr 14th 2007
69%
#11 Can't Remember To Forget You 14 Jan 25th 2014
54%
#17 Objection (Tango) 16 Sep 21st 2002
54%
#3 Underneath Your Clothes 20 Jun 8th 2002
46%
#25 Empire 4 Apr 5th 2014
38%
#26 Did It Again 8 Nov 28th 2009
31%
#88 TQG 1 Mar 9th 2023
31%
#9 Don't Bother 6 Mar 11th 2006
23%
#34 Illegal 4 Dec 16th 2006
23%
#2 Whenever, Whenever 22 Mar 9th 2002
8%
#31 Bzpr Music Sessions, Vol. 53 5 Jan 26th 2023
0%
#64 Get It Started 1 Sep 29th 2012
0%
No matching quizzes found
Score Distribution
Percent of People with Each Score
Percentile by Number Answered
Your Score History
You have not taken this quiz